00520nam a2200181Ia 4500008004100000020001800041082001500059100002200074245002300096250000600119260003900125300001500164500002400179650001600203942000700219952009500226999001700321230524s9999 xx 000 0 und d a9789380578545 a519.4bRAO aH.S.G. Rao942957 0aNumerical Methods a1 aNew DelhibI.K.Internationalc2011 a"XV,407p;" aQuantity Number: 1 aMathamatics cBK 00104070aTATCLbTATCLcGENd2023-05-24l0o519.4 RAOp54209r2023-05-24w2023-05-24yBK c57916d57916